Statistiques concernant Les noms d'oiseaux par lettres -T

Cliquez ici pour prendre le quiz!

Statistiques générales

  • Ce quiz a été pris 31 fois
  • Le résultat moyen est 14 sur 55

Statistiques - réponses

Réponse% Correct
Toucan
100%
Tourterelle
100%
Tétras
71%
Talève
58%
Torcol
58%
Troglodyte
58%
Tadorne
54%
Tournepierre
54%
Tantale
50%
Tarier
50%
Touraco
50%
Tangara
46%
Toucannet
46%
Tamatia
42%
Tinamou
42%
Tisserrin
42%
Tityre
42%
Toui
42%
Trogon
42%
Tyran
42%
Tardivole
38%
Todirostre
38%
Tyranneau
38%
Tersine
33%
Tragopan
33%
Tarin
29%
Todier
29%
Tétéma
21%
Tchitrec
17%
Tichodrome
17%
Traquet
17%
Tocro
4%
Tourco
4%
Tourtelette
4%
Tacco
0%
Talégalle
0%
Taurillon
0%
Tchagra
0%
Témia
0%
Tésie
0%
Tête-de-feu
0%
Tête-de-peluche
0%
Tétraka
0%
Tétraogalle
0%
Tétraophase
0%
Thinocore
0%
Timalie
0%
Torquéole
0%
Torrentaire
0%
Toxoramphe
0%
Travailleur
0%
Trembleur
0%
Trugon
0%
Turdinule
0%
Turnix
0%

Distribution des résultats

Percentile par nombre de réponses

% des personnes avec chaque résultat

Votre développement - résultats

Vous n’avez pas pris ce quiz